Random US Trivia Quiz #1 - Statistics

General Stats
  • This quiz has been taken 18 times
  • The average score is 7 of 10
Answer Stats
Question Answer % Correct
What state is the closest to a perfect square shape? Wyoming
100%
Which US state has the most publicly owned land? Alaska
80%
What Crop takes up to 90 million acres in the US annually and is usually the most widely grown crop in the US? Corn
80%
What land purchase gave the United States Southern Arizona and Southern New Mexico, as well as sharing the name of popular historical flag depicting a snake? Gadsden Purchase
80%
First US president to serve two non-consecutive terms? Grover Cleveland
80%
Only state whose state legislature is only one chamber of congress instead of an upper and lower chamber (House of Representatives and Senate)? Nebraska
60%
What small East Coast State has the least amount of publicly owned land in the US? Rhode Island
60%
In what war did the White House get burned down The War of 1812
60%
What popular American sandwich has its origins disputed by several US states claiming to be the originator? Hamburger
40%
Which American war saw the first use of ironclad armored naval ships Civil War
20%
No matching quizzes found
Score Distribution
Percent of People with Each Score
Percentile by Number Answered
Your Score History
You have not taken this quiz